| 000 | 01117cab a2200265 4500 | ||
|---|---|---|---|
| 001 | ##L131274 | ||
| 008 | 051017n2005 000 0 eng u | ||
| 035 | _a(Sirsi) u131274 | ||
| 041 | 0 | _aeng | |
| 100 | 1 | _aMoor, Malcolm | |
| 245 | 0 | 0 |
_aTopic _bmaster planning |
| 260 | 3 | _c2005 | |
| 490 | 0 |
_aUrban Design Quarterly _v(96) Autumn 2005, 18-35(18) |
|
| 520 | _aPresents a collection of six articles on the master planning process and significant, contemporary examples of master planning. Covers the following themes: the need for quality design time in master planning; an overview of the process; the Dumbarton Harbour, Stratford City and Lewisham Gateway projects; the Paradise project in Liverpool, and the lessons to be learnt from Telford Millennium Community, one of the government millennium community projects. | ||
| 590 | _aIKA251005 | ||
| 690 |
_aPlanning and development _96259 |
||
| 700 | 1 | _aRowland. Jon | |
| 700 | 1 | _aFox, Jim | |
| 700 | 1 | _aReynolds, Amanda | |
| 700 | 1 | _aLowe, Michael | |
| 700 | 1 | _aSmith, Malcolm | |
| 700 | 1 | _aRees, Richard | |
| 700 | 1 | _aDavenport, Terry | |
| 942 | _n0 | ||
| 999 |
_c76014 _d76014 |
||